LDR 00740naa#a2200193#i#450# 001 EN\\bibl\119502 005 20260414213540.2 011 ## _a2782-1900 100 ## _a20260324b2026####ek#y0engy0150####ca 101 0# _aENG 102 ## _aRU 200 1# _aSynthesis of 2,4,7,9-tetraphenyl-4,4a,9,9a-tetrahydrothiopyrano[2,3-g]thiochromene-5,10(5aH,10aH)-dione and analysis of its biological activity _eJournal article 210 1# _aYaroslavl _cYaroslavl State Technical University _d2026 215 ## _a10 с. 608 ## _aJournal article _2local 675 ## _aСоединения с одним тиопирановым кольцом. 547.818.1 _zENG 700 #1 _aNemirov _gDaniil Mihaylovich 700 #1 _aOvchinnikov _gKonstantin L'vovich 856 4# _achemintech.ru _u